Robert Woodward Barnwell correspondence, (Record no. 40129)

MARC details
000 -LEADER
fixed length control field 01063cpcaa2200277 4500
001 - CONTROL NUMBER
control field mm 79000121
003 - CONTROL NUMBER IDENTIFIER
control field DLC
005 - DATE AND TIME OF LATEST TRANSACTION
control field 20260227111628.0
008 - FIXED-LENGTH DATA ELEMENTS--GENERAL INFORMATION
fixed length control field 790105|||||||||||| eng
010 ## - LIBRARY OF CONGRESS CONTROL NUMBER
LC control number mm 79000121
040 ## - CATALOGING SOURCE
Original cataloging agency DLC
Transcribing agency DLC
Description conventions dacs
Modifying agency DLC
072 #7 - SUBJECT CATEGORY CODE
Subject category code W
Source lcmd
100 1# - MAIN ENTRY--PERSONAL NAME
Personal name Barnwell, Robert Woodward,
Dates associated with a name 1801-1882.
245 00 - TITLE STATEMENT
Title Robert Woodward Barnwell correspondence,
Inclusive dates 1868.
300 ## - PHYSICAL DESCRIPTION
Extent 1
Type of unit item.
506 0# - RESTRICTIONS ON ACCESS NOTE
Terms governing access Open to research.
545 0# - BIOGRAPHICAL OR HISTORICAL DATA
Biographical or historical data U.S. senator, U.S. representative, C.S.A. senator, from South Carolina, and educator.
546 ## - LANGUAGE NOTE
Language note Collection material in English.
580 ## - LINKING ENTRY COMPLEXITY NOTE
Linking entry complexity note Forms part of: Miscellaneous Manuscripts collection.
656 #7 - INDEX TERM--OCCUPATION
Occupation Educators.
Source of term itoamc
656 #7 - INDEX TERM--OCCUPATION
Occupation Representatives, U.S. Congress
Geographic subdivision South Carolina.
Source of term itoamc
656 #7 - INDEX TERM--OCCUPATION
Occupation Senators, C.S.A. Congress
Geographic subdivision South Carolina.
Source of term itoamc
656 #7 - INDEX TERM--OCCUPATION
Occupation Senators, U.S. Congress
Geographic subdivision South Carolina.
Source of term itoamc

No items available.

Powered by Koha